|
|
|
|
| LEADER |
00960ncm a2200289 a 4500 |
| 001 |
001088222 |
| 003 |
CZ BrMZK |
| 005 |
20100315124316.0 |
| 007 |
qu |
| 008 |
100225s1922 fr dfa g || zxx d |
| 020 |
|
|
|q (Dvojlist)
|
| 028 |
2 |
1 |
|a E.A.S. 2352
|b Francis Salarbert
|
| 040 |
|
|
|a BOA001
|b cze
|
| 048 |
|
|
|a ka01
|
| 072 |
|
7 |
|a 786
|x Hudba pro klávesové nástroje
|2 Konspekt
|9 9
|
| 080 |
|
|
|a 786.2.085.322
|2 MRF
|
| 080 |
|
|
|a 78.089.6
|2 MRF
|
| 100 |
1 |
|
|a Berlin, Irving,
|d 1888-1989
|7 jn19990000722
|
| 245 |
1 |
0 |
|a Some sunny day
|h [hudebnina]
|b fox-trot, shimmy & blues /
|c Irving Berlin
|
| 260 |
|
|
|a Paris :
|b Francis Salabert,
|c c1922
|
| 300 |
|
|
|a 3 s. ;
|c 35 cm
|
| 650 |
0 |
7 |
|a foxtroty (klavír)
|7 ph315444
|2 czenas
|
| 655 |
|
7 |
|a partitury pro sólový nástroj
|7 fd201979
|2 czenas
|
| 910 |
2 |
|
|a BOA001
|b Mus4-1236.464
|
| 990 |
|
|
|a MU
|
| 991 |
|
|
|b 201003
|
| 996 |
6 |
|
|b 2610423189
|c Mus4-1236.464
|l MZK
|r Sklad / do 1 hodiny
|n 0
|p dar
|w 001112432
|u 000010
|a 1
|e BOA001
|j MZK50
|s P
|